Mr. Popper's penguins / (Record no. 4251)

MARC details
000 -LEADER
fixed length control field 01132cam a2200313 i 4500
001 - CONTROL NUMBER
control field 4251
003 - CONTROL NUMBER IDENTIFIER
control field FISKH
005 - DATE AND TIME OF LATEST TRANSACTION
control field 20240710135652.0
008 - FIXED-LENGTH DATA ELEMENTS--GENERAL INFORMATION
fixed length control field 190720s2018 nyua c 000 1 eng
010 ## - LIBRARY OF CONGRESS CONTROL NUMBER
LC control number 2018297643
020 ## - INTERNATIONAL STANDARD BOOK NUMBER
International Standard Book Number 9780316058438
040 ## - CATALOGING SOURCE
Original cataloging agency DLC
Transcribing agency DLC
Description conventions rda
Language of cataloging eng
050 ## - LIBRARY OF CONGRESS CALL NUMBER
Classification number PZ7.A892
082 ## - DEWEY DECIMAL CLASSIFICATION NUMBER
Classification number 813.52
100 1# - MAIN ENTRY--PERSONAL NAME
Personal name Atwater, Richard,
245 10 - TITLE STATEMENT
Title Mr. Popper's penguins /
Statement of responsibility, etc. by Richard and Florence Atwater ; illustrated by Robert Lawson
250 ## - EDITION STATEMENT
Edition statement First Revised paperback Edition: April 2009
260 ## - PUBLICATION, DISTRIBUTION, ETC.
Place of publication, distribution, etc. New York :
Name of publisher, distributor, etc. Little Brown and Company,
Date of publication, distribution, etc. 1938
300 ## - PHYSICAL DESCRIPTION
Extent 139 pages :
Other physical details illustrations ;
Dimensions 19 cm
500 ## - GENERAL NOTE
General note Originally published in 1938.
520 ## - SUMMARY, ETC.
Summary, etc. The unexpected delivery of a large crate containing an Antarctic penguin changes the life and fortunes of Mr. Popper, a house painter obsessed by dreams of the Polar regions.
650 #1 - SUBJECT ADDED ENTRY--TOPICAL TERM
Topical term or geographic name entry element Penguins
Form subdivision Fiction.
650 #1 - SUBJECT ADDED ENTRY--TOPICAL TERM
Topical term or geographic name entry element Humorous stories.
700 1# - ADDED ENTRY--PERSONAL NAME
Personal name Atwater, Florence,
Relator term author.
700 1# - ADDED ENTRY--PERSONAL NAME
Personal name Madsen, Jim,
Dates associated with a name 1964-
Relator term illustrator.
906 ## - LOCAL DATA ELEMENT F, LDF (RLIN)
a 7
b cbc
c orignew
d 2
e ncip
f 20
g y-gencatlg
942 ## - ADDED ENTRY ELEMENTS (KOHA)
Source of classification or shelving scheme Dewey Decimal Classification
Koha item type Books
Suppress in OPAC No
Holdings
Withdrawn status Lost status Source of classification or shelving scheme Damaged status Not for loan Collection Home library Current library Shelving location Date acquired Total Checkouts Full call number Barcode Date last seen Date last checked out Copy number Price effective from Koha item type
    Dewey Decimal Classification     Fiction Footprints International School Library Network Toul Kork Campus Footprints International School Library Network Toul Kork Campus A TK Campus, 4th Floor, Room B401, Fiction Bookcases (1-6) 07/10/2024 1 ATW 813.52 PZ7.A892 FISTK00094 10/31/2025 10/31/2025 1 07/10/2024 Books
    Dewey Decimal Classification     Fiction Footprints International School Library Network Toul Kork Campus Footprints International School Library Network Toul Kork Campus A TK Campus, 4th Floor, Room B401, Fiction Bookcases (1-6) 07/10/2024   ATW 813.52 PZ7.A892 FISTK00096 07/10/2024   2 07/10/2024 Books